Vista normal Vista MARC

Entrada Topical Term

Número de registros utilizados en: 3

001 - CONTROL NUMBER

  • control field: 12166

003 - CONTROL NUMBER IDENTIFIER

  • control field: OSt

005 - DATE AND TIME OF LATEST TRANSACTION

  • control field: 20201028211535.0

008 - FIXED-LENGTH DATA ELEMENTS

  • fixed length control field: 201028|| aca||aabn | a|a d

040 ## - CATALOGING SOURCE

  • Original cataloging agency: OSt
  • Transcribing agency: OSt

150 ## - HEADING--TOPICAL TERM

  • Topical term or geographic name entry element: Directores de empresas
  • General subdivision: manuales

670 ## - SOURCE DATA FOUND

  • Source citation: Work cat.: (OSt)6173: Steinberg, Richard M., autor 12163, Corporate governance and the board : , ©2000